000 00904nam a2200205 u 4500
001 000020659
005 20200930011137.0
008 100812s2017 dr a r 000 0 spa d
020 _a9789945089929
040 _aDO-SdBNP
_bspa
_cBNPHU
082 _axxx
_bT944m
100 1 _aTurner R., Damaris E.
_943405
245 1 0 _aManual de procedimientos básicos en sala de emergencia /
_cDamaris E. Turner R.; prólogo Carmen Bautista Peña; corrección de estilo Juan Ramón Turner Ramírez, Federico Francis Turner; diseño de portada Robinson Hernández.
260 _aSanto Domingo :
_bImpresora Yeraldin,
_c2017.
300 _a306 p. :
_bil. ;
_c21 cm.
590 _aInventariado, 2020 / DG
700 _aBautista Peña, Carmen
_bPrólogo
_943406
700 _aTurner Ramiréz, Juan Ramón, Turner, Federico Francis
_eCorrección de estilo
_943407
700 _aHernández, Robinson
_ediseño de portada
_943408
999 _c20163
_d20163